Desarrollo sustentable, empleos verdes y trabajo decente /

Wedi'i Gadw mewn:
Manylion Llyfryddiaeth
Prif Awdur: García Jiménez, Jesús
Fformat: Texto
Tagiau: Ychwanegu Tag
Dim Tagiau, Byddwch y cyntaf i dagio'r cofnod hwn!

MARC

LEADER 00000 a a2200000 04500
001 45821
003
040
100 |a García Jiménez, Jesús  
245 |a Desarrollo sustentable, empleos verdes y trabajo decente /  |c Jesús García Jiménez  
773 |g páginas 137-145  
999 |c 33160  |d 33160